| 000 | 00521nam a2200169Ia 4500 | ||
|---|---|---|---|
| 003 | OSt | ||
| 005 | 20250512130508.0 | ||
| 008 | 190216s9999||||xx |||||||||||||| ||und|| | ||
| 040 | _coclc | ||
| 082 |
_a892.7 _bRAH/L |
||
| 100 |
_aRahmathullah, A I _94579 |
||
| 245 | 0 |
_aLiterature and Criticism with Arabs = El Adabu Wan Naqdu Enda El Arab / _cA I Rahmathullah |
|
| 260 |
_bAl Huda Book Stall, _aCalicut: _c2005. |
||
| 300 | _a348p | ||
| 650 | _aArabic | ||
| 942 |
_cBK _2ddc _h892.7 _iRAH/L _k892.7 _mRAH/L |
||
| 999 |
_c722 _d722 |
||